000 00483nam a2200181Ia 4500
008 140626s9999 xx 000 0 und d
100 _aPang, Augustine.
245 _aDerailed :
_b communicating Singapore's mass transit crises /
_c Augustine.Pang
260 _cc2013.
300 _a40 : 2, page 124
440 _aMedia Asia
521 _aMC
650 _aCommunication.
650 _aSingapore.
650 _aTransit crises.
650 _aTransit operation.
942 _cSE
999 _c121196
_d121196